| 000 | 01245nam a2200409 i 4500 | ||
|---|---|---|---|
| 001 | 32474 | ||
| 003 | KOSZ 005 | ||
| 005 | 20230130100506.0 | ||
| 008 | 971010s1996 pl f |000 0 pol d | ||
| 020 | _a8386218800 | ||
| 040 |
_cKOSZ 005 _aKOSZ 005 _dKOSZ 005/HR |
||
| 041 | 0 | _apol | |
| 046 | _k1996 | ||
| 080 | _a658.14/.17(438) | ||
| 080 | _a336.71 | ||
| 080 | _a(075.8) | ||
| 100 | 1 |
_aGrzywacz, Jacek _eAutor |
|
| 245 | 1 | 0 |
_aWspółpraca przedsiębiorstwa z bankiem / _cJacek Grzywacz. |
| 250 | _a[Wyd.2 popr. i uzup.]. | ||
| 260 |
_aWarszawa : _b"Difin", _c1997. |
||
| 300 |
_a221 s. : _bfaks. ; _c24 cm. |
||
| 336 |
_2rdacontent _aTekst _btxt |
||
| 337 |
_2rdamedia _aBez urządzenia pośredniczącego _bn |
||
| 338 |
_2rdacarrier _aWolumin _bnc |
||
| 380 | _aKsiążki | ||
| 388 | _a1901-2000 | ||
| 388 | _a1989-2000 | ||
| 504 | _aBibliogr. s. 199-200. | ||
| 650 | 9 | _aBanki | |
| 650 | 9 | _aFinanse przedsiębiorstwa | |
| 651 | 7 | _aPolska | |
| 655 | _aPodręczniki akademickie | ||
| 658 | _aGospodarka, ekonomia, finanse | ||
| 710 | _aDifin | ||
| 856 |
_uhttp://koha.tu.koszalin.pl/cgi-bin/koha/opac-detail.pl?biblionumber=32474 _yKatalog online BPK |
||
| 942 |
_cKS _2UKD |
||
| 999 |
_c32474 _d32474 |
||